000 00332cam a2200157ua 4500
020 _cRs.1.25
041 _aeng
_h
082 _a894.812301
_bPAR/KA
245 _aKamuki
260 _aQuilom :
_bM.S. book Depot ,
_c1958.
300 _a92 ; .
365 _aRs.1.25
504 _a
942 _cBK
999 _c11450
_d11450